| 000 | 00426nam a2200181Ia 4500 | ||
|---|---|---|---|
| 001 | 16396 | ||
| 005 | 20260306170306.0 | ||
| 008 | 260306t1996||||xx |||||||||||||| ||und|| | ||
| 041 | _aESP | ||
| 082 |
_a348.55 _bT35 |
||
| 100 |
_aTéllez Valdés, Julio _eAUT |
||
| 245 | 0 | _aDerecho informático | |
| 260 | _c1996 | ||
| 300 |
_axii, 283 páginas : _c24 cm. |
||
| 650 | _aGEN | ||
| 654 | _aCDE | ||
| 942 |
_cLIB _dJUS _fJUS _2ddc _n |
||
| 999 |
_c16396 _d16396 |
||